№ 1; Бурение

Bibliografski detalji
Parent link:Бурение: научно-практический журнал. № 1.— , 2002
Jezik:ruski
Izdano: М., 2002
Format: MixedMaterials Knjiga
KOHA link:https://koha.lib.tpu.ru/cgi-bin/koha/opac-detail.pl?biblionumber=380763

MARC

LEADER 00000nam2a2200000 4500
001 380763
005 20231101062728.0
035 |a (RuTPU)RU\TPU\prd\2388 
090 |a 380763 
100 |a 20020314a20029999k y0rusy50 ca 
101 0 |a rus 
102 |a RU 
200 0 |a № 1 
210 |a М.  |d 2002 
461 1 |0 (RuTPU)RU\TPU\prd\2387  |t Бурение  |o научно-практический журнал  |v № 1  |d 2002 
801 0 |a RU  |b 63413507  |c 20010227  |g PSBO 
801 1 |a RU  |b 63413507  |c 20020314  |g PSBO 
801 2 |a RU  |b 63413507  |c 20120512  |g PSBO 
942 |c BK 
999 |a НТБ_ТПУ  |b НФ  |e -1/20020212  |p П-9283  |s 2/20020226  |u 0,00  |v 1